Southeast Asia economies toward 1980s

保存先:
書誌詳細
第一著者: Yanagisawa, Masaichi
フォーマット: 図書
言語:Undetermined
出版事項: Tokyo International Developing Economic 1976
主題:
タグ: タグ追加
タグなし, このレコードへの初めてのタグを付けませんか!
Thư viện lưu trữ: Trung tâm Học liệu Trường Đại học Cần Thơ
LEADER 00529nam a2200193Ia 4500
001 CTU_89235
008 210402s9999 xx 000 0 und d
082 |a 330 
082 |b Y21 
100 |a Yanagisawa, Masaichi 
245 0 |a Southeast Asia economies toward 1980s 
245 0 |c Masaichi Yanagisawa 
260 |a Tokyo 
260 |b International Developing Economic 
260 |c 1976 
650 |a Economic 
650 |z Asia, southeastern 
904 |i Bằng 
980 |a Trung tâm Học liệu Trường Đại học Cần Thơ